000
00291nam a22001337a 4500
008
170204b xxu||||| |||| 00| 0 eng d
020
_a
9780323019804
041
_a
eng
080
_a
61
100
_a
3
101
_a
SHM
245
_a
OPERATING ROOM TECHNIQUE
_c
PHILLIPS, N
942
_2
udc
_c
BK
999
_c
4635
_d
4635